| 000 | 01201nam a22003737a 4500 | ||
|---|---|---|---|
| 003 | OSt | ||
| 005 | 20230706092339.0 | ||
| 008 | 170318s2016 gt||||| |||| 00| 0 spa d | ||
| 020 | _a3-89322-826-8 | ||
| 040 | _cLado V | ||
| 082 | 0 | 4 |
_a700 _bP314c |
| 110 |
_9865 _adocumenta GmbH _eeditor |
||
| 245 | 1 | 0 | _adocumenta documenta1/ |
| 260 |
_bCantaz Verlag _c1996 _aAlemania |
||
| 300 |
_a68p. _c24x29cm |
||
| 490 |
_a1 _v1996 |
||
| 505 | _aEditorial | ||
| 505 | _aEchoing Solitude | ||
| 505 | _aThe Sea of Ulysses | ||
| 505 | _aDas Echo der Einsamkeit | ||
| 505 | _aDas Meer des Odysseus | ||
| 505 | _aThe Free Use of the Proper | ||
| 505 | _aDer Freie Gebrauch des Eigenen | ||
| 505 | _aDocumenta Itinerary | ||
| 505 | _aThe Dark Spot of Art | ||
| 505 | _aDer blinde Fleck der Kunst | ||
| 650 |
_2Tesauro de Arte & Arquitectura _aARTE |
||
| 650 |
_2Tesauro de Arte & Arquitectura _aARTE VISUAL |
||
| 650 |
_2Tesauro de Arte & Arquitectura _aARTE CONTEMPORANEO |
||
| 650 |
_2Tesauro de Arte & Arquitectura _aANALISIS |
||
| 650 |
_2Tesauro de Arte & Arquitectura _aCRITICA |
||
| 700 | 1 |
_aSvankmajer. _eilustrador. _95749 |
|
| 942 |
_2ddc _c1 _h701.18 _iD637d _n0 |
||
| 999 |
_c3980 _d3980 |
||